| 000 | 00611cam a22002172 4500 | ||
|---|---|---|---|
| 001 | 0000021163 | ||
| 005 | 20151217154453.0 | ||
| 008 | 120201s xx 000 0 eng d | ||
| 020 | _a0072886161 : | ||
| 040 |
_aKABU _cKABU |
||
| 050 | 0 |
_aQH308.2 _b.M33 2007. |
|
| 100 | 1 |
_aMader, Sylvia S. _@0000155228 |
|
| 245 | 1 | 0 |
_aEssentials of biology / _cSylvia S. Mader. |
| 250 | _a1st ed. | ||
| 260 |
_aBoston : _bMcGraw Hill Higher, _c2007. |
||
| 300 | _axxv, 645 p. | ||
| 650 | 0 |
_aBiology. _@0000003707 |
|
| 852 | 1 | _9p2000 KES | |
| 908 | _a120201 | ||
| 950 | _@1 | ||
| 999 |
_c11409 _d11409 |
||